000 01830cam a22004814i 4500
003 PE-LiUPU
005 20250731173543.0
008 150616s1995 sp a rb 000 0 spa d
020 _a8472081028
035 _a(Sirsi) i9788472081024
040 _aPE-LiUPU
_bspa
_cPE-LiUPU
_erda
049 _aPRUA
082 0 4 _a248.402
_bP39
_221
100 1 _aPelt, Nancy Van,
_eautor.
245 1 0 _aSin Reservas; el arte de comunicarse /
_cNancy Van Pelt.
264 1 _aMadrid :
_bEditorial Safeliz,
_c1995.
300 _a189 páginas :
_bilustraciones ;
_c26 centímetros.
336 _atext
_2rdacontent
337 _aunmediated
_2rdamedia
338 _avolume
_2rdacarrier
490 0 _aNuevo Estilo de Vida
504 _aIncluye bibliografía.
505 0 _aLa buena comunicación -- La clave: la vinculación -- El arte de escuchar con atención -- El arte de hablar con delicadeza -- El arte de discutir constructivamente -- Una relación íntima satisfactoria -- La intimidad sexual -- Las últimas soluciones con el mejor apoyo.
526 _aSEG42
526 _aSEG41
526 _aSEG40
526 _aSEG39
526 _aP94
526 _aP87
526 _aP86
526 _aP85
526 _aP77
526 _aP76
526 _aP35
650 0 4 _aMatrimonio
_xManuales, etc.
910 _ajck
_bjvq
_cjck
942 _2ddc
_cBOOK
949 _a248.402 P39
_wDEWEY
_c1
_i42738
_d2016-6-17
_e2016-6-14
_lCCODEBUL1
_mBUL
_n2
_r0
_sY
_tBOOK
_u2015-6-16
_xTEOLOGIA
_PP20
_0COMPRA
_o.STAFF. Colección General
994 _aC0
_bPEPRU
596 _a1
999 _a248.402 P39
_wDEWEY
_c60599
_i42738
_d60599
_e2018-5-21
_f2021-11-11
_g4
_lCCODEBUL1
_mBUL
_n5
_p13.00
_q1
_r0
_sY
_tBOOK
_u2015-6-16
_xTEOLOGIA
_PP20
_0COMPRA
_o.STAFF. Colección Teología
980 _81
_gALBERTO SANCHEZ Responsable de Automatización